000 00505nam a22001697a 4500
999 _c41312
_d41312
003 OSt
005 20210428103747.0
008 210428b ||||| |||| 00| 0 eng d
020 _a9788182717039
040 _coclc
082 _a894.812301
_bKAR/V
100 _91839
_a Karakunnu, Sheikh Mohammed
245 _aVijayathinte Vazhi/
_cSheikh Muhammed Karakunnu
260 _aKozhikode:
_bIPH,
_c2019.
300 _a40 pages
942 _2ddc
_cBK
_h894.812301
_iKAR/V
_k894.812301
_mKAR/V